000 00255nam a2200097Ia 4500
008 230907s9999||||xx |||||||||||||| ||und||
082 _a155.28
_bWIL
245 4 _aThe Wiley handbook of personality assessment /
300 _axxxix, 437 pages ;
942 _cBK
999 _c600473
_d600473